Estadísticas para Países con el Mayor Número de Animales Venenosos

Haz click aquí para tomar la prueba!

Estadísticas generales

  • Esta prueba ha sido tomada 2.588 veces
  • La puntuación promedio es 13 de 18

Estadísticas de respuestas

#País% Correcto
66Australia
95%
75Brasil
95%
53Colombia
88%
60India
88%
36Estados Unidos
87%
80México
87%
59Indonesia
81%
36Venezuela
81%
47Perú
79%
49Tailandia
75%
47Ecuador
69%
37Sudáfrica
68%
50Vietnam
66%
38Malasia
64%
48Myanmar
52%
34Papua Nueva Guinea
51%
34Kenia
49%
38Irán
39%

Distribución de puntuación

Porcentaje por número respondido

Porcentaje de gente con cada puntuación

Historial de tus puntuaciones

No has tomado esta prueba